=LDR 00000nam 2200000 4500 =001 INLIS000000000050602 =005 20221201085402 =035 ##$$a 0010-0517000255 =007 ta =008 221201################g##########0#ind## =020 ##$$a 978-602-8171-16-8 =082 ##$$a R 297.57 =084 ##$$a R 297.57 ELA e =100 #$$a Elafifi, Ibnu Abdul Bari =245 1#$$a Ensiklopedia hikmah : $b 606 dan kisah salaf intisari Kitab Shifatush Shafwah Ibnul Jauzy /$c Ibnul Abdil Bari El- 'Afifi, editor Abu Nabil Faqih Atsary...[et al] =250 ##$$a Cet.1 =260 ##$$a Solo :$b Kuttab Publishing,$c 2016 =300 ##$$a 400 hlm. ; $c 21 x 14 cm. =650 #4$$a Islam Hikmah-Ensiklopedi =500 ##$$a Indeks hlm. 391-400 =500 ##$$a Biografi hlm. 400 =700 #$$a Abu Nabil Faqih Atsary...[et al] =990 ##$$a 31701408 =990 ##$$a 31701407